MDQL
is popping MORE tags! Check the
thread
!
Quizzes
Events
Quiz Creation
Community
Videos
Private Events
Remove Ads
Sign In
Join for FREE
Feedback
Dark Mode
Quiz Categories
Sports
Geography
Music
Movies
Television
Just For Fun
Miscellaneous
History
Literature
Language
Science
Gaming
Entertainment
Religion
Holiday
For Kids
Quiz Lab
Recent
Popular Today
Quiz Kudos Today
Editor Picks
Curator Picks
Quizzes by...
Day
Popularity
Type
Ratings
Length
Year
Community
Subscriptions
Recent Discussions
Orange Saloon
Badges
Playlists
Quests
Create
Leaderboards
Showdown
Live 5
Trivia Bingo
Activity
Puzzle Library
Sporcle Events
Private Events
Virtual Trivia
Globe League
Become a Host
Pub Owners
SporcleCon
Opinionation
Our Games
Videos
Blog
Mobile Apps
Partnerships
Remove Ads and Go Orange
Feedback
Science
Computer
Plants
Astronomy
Chemistry
Elements
Math
Animal
Physics
Anatomy
Biology
Geology
General Science
Science
Computer
Plants
Astronomy
Chemistry
Elements
Math
Animal
Physics
Anatomy
Biology
Geology
General Science
Random Quiz
Search Sporcle
×
Quiz Lab
Quiz Lab
Science
Vocabulary
Type in answers that appear in a list
Type in answers that appear in a list
Classic
Best Score? Go Orange.
Environmental Science Chapter 6 Stats
Can you name the Environmental Science Chapter 6?
By
erinfly1
15m
26 Questions
28 Plays
28 Plays
28 Plays
Comments
Comments
Give Quiz Kudos
Give Quiz Kudos
-
- Ratings
hide this ad
Random Order
Randomize order of answers
Randomize order of answers
Replay
Link that replays current quiz
Next Quiz
Link to next quiz in quiz playlist
You Got
0%
They Got
Avg Score
29%
Avg Friend Score
Upgrade to see
Score Distribution
Jump to the score distribution portion of the page
Score
0/26
Timer
15:00
0
Plays Today
vocabulary terms
% Correct
movement of people into an area
immigration
85.7%
movement of people out of an area
emigration
78.6%
the number of babies out of every 1,000 born who die before their 1st birthday
infant mortality rate
50%
the number of live births per 1,000 people in a population in a given year
crude birth rate
46.4%
the number of deaths per 1,000 people in a population in a given year
crude death rate
46.4%
the movement of people into and out of specific geographic areas
migration
42.9%
number of children born to a woman during her lifetime
fertility rate
39.3%
(TFR) the average number of children born to women in a population during their reproductive years
total fertility rate
39.3%
average number of years a newborn infant can be expected to live
life expectancy
35.7%
people who had to leave their homes because of water/
food shortages, drought, flooding, or other environmental crises
environmental refugees
25%
if women were to get more of this they would have the ability to control their own fertility, earn an income of their own, and live in societies that do not suppress their rights
education
25%
provides educational and clinical services that help couples choose how many children to have and when to have them
family planning
25%
births plus immigration exceeds the number of deaths plus emigration
population increase
21.4%
vocabulary terms
% Correct
on the age structure diagram this group are the individuals too young to have children
prereproductive
21.4%
on the age group diagram these are the individuals who are able to have children
reproductive
21.4%
those on the age group diagram who are too old to have children
postreproductive
21.4%
country with the highest teenage pregnancy rate
united states
21.4%
as countries became industrialized and economically developed, 1st their death rates decline then their birth rates decline
demographic transition
17.9%
the maximum number of people who could live in reasonable freedom and comfort indefinately without decreasing the ability of the earth to sustain future generations
cultural carrying capacity
14.3%
number of births and immigration subtracted from the number of deaths and emigration
population change
14.3%
deaths plus emigration exceeds number of births plus immigration
population decrease
14.3%
the annual number of deaths among children per 1,000 live births
child mortality rate
14.3%
the average number of children that couple in a population must bear to replace themselves
replacement-level fertility rate
10.7%
the numbers or percentages of males and females in young, middle, and older age groups in that population
age structure
10.7%
the fastest growing age group in the world
seniors
10.7%
plotting a given population's percentages of males and females in each of the 3 age groups
age structure diagram
3.6%
Quiz Playlist
Details
Report
Send in Message
Add To Playlist
Classic:
Type in answers that appear in a list
Random Order:
Randomize order of answers
Last Updated: Feb 16, 2017
Quiz Scoreboard
CHALLENGE
Sign Up to Join the Scoreboard
Show All
Scores
Hide
Comments
May contain spoilers
Recently Published
Find the 'City' Movie
by crazypaving
Movies
60s
5x2 Blitz: Bands
by SL_Kpop136
Music
30s
Colored Red Africa Blitz
by spor1
Geography
30s
More to Explore
Quiz From the Vault
Featured Blog Post
14 Easter Pick-up Lines to Find Eggs With
hide this ad
You Might Also Like...
Tags
Vocabulary Quiz
Chapter
Chapter 6
Environmental
Term
Today's Top Quizzes in Science
Browse Science
hide this ad
Today's Top Quizzes in Vocabulary
Browse Vocabulary
Top Contributed Quizzes in Science
1
Glycolysis
2
Square Numbers Scrambled (1-50)
3
Astronomy Spelling Bee
4
Vet Tech Pharmacology Drug Contraindications
5
Missing Vowel Minefield: Lanthanides
6
Sorting Squares: Animals by Continent
7
'C' Flowers II
8
Criteria Quiz: The Solar System
9
Quick Pick: Radians
10
Elements In Images
Explore More
Trending Topics
Crossword
Disney
Harry Potter
NBA
Anime
Kpop
Marvel
Soccer
Song
The Office
WWE
NFL
Puzzle
Country
Pokémon
hide this ad
More By:
erinfly1
Quiz
Plays
Rating
Category
Featured
Created
Environmental Science Chapter 6
28
Science
Sep 14, 2011
Environmental Science Cahpter 19
17
Science
Sep 15, 2011
Go to Creator's Profile
Score Distribution
Quiz Creator Spotlight
erinfly1
Follow
Send a Message
Quizzes Created
-
Created Quiz Play Count
-
More By This Creator
Popular Quizzes Today
1
Colored Red Africa Blitz
2
Find the 'City' Movie
3
Find the US States - No Outlines Minefield
4
5x2 Blitz: Bands
5
The Countries of the World
6
Find the US States
7
US States
8
9x9 Crossword: Cartoon Network
More Science Quizzes
Find the Eel Animals
Quiz Lab
Trending Quizzes
Colored Red Europe Blitz I
Colored Red Europe Blitz II
Colored Red Africa Blitz II
Colored Red Europe Blitz III
Colored Red Africa Blitz III
Recently Updated
How Do You Spell That?
pecheneg
Godzilla Movies
pecheneg
Grab Bag: 4-10 Letters
pecheneg
2024 March Madness Bracket
pecheneg
Famous TV Couples
Peacemaker
Champions League XIs: Real Madrid
pecheneg
Largest US Cities 1790-2010
pecheneg
Rides in Walt Disney World
pecheneg
Most Oscar Losses (Acting)
pecheneg
Beyoncé Albums
pecheneg
Trending Topics
Crossword
NBA
Marvel
Kpop
Harry Potter
Anime
Disney
The Office
WWE
Pokémon
NFL
Soccer
Country
Song
Puzzle
Your Account Isn't Verified!
In order to create a playlist on Sporcle, you need to verify the email address you used during registration. Go to your
Sporcle Settings
to finish the process.
Report this User
Report this user for behavior that violates our
Community Guidelines
.
Details:
Send Report
Go to the Sporcle.com Mobile Site →
Comments